Länder, die von Rammstein besucht wurden - Statistiken

Allgemein
  • Dieses Quiz wurde 178 mal gespielt
  • Das Durchschnittsergebnis liegt bei 43 aus 46
Antworten auf der Karte
Die Antworten werden auf der Karte rot bzw. grün angezeigt, abhängig davon wie oft sie richtig erraten wurden.
 
Antwortstatistiken
Kontinent Land % Korrekt
Europa Deutschland
100%
Europa Frankreich
99%
Europa Russland
99%
Nordamerika Vereinigte Staaten
99%
Europa Österreich
98%
Europa Polen
98%
Europa Spanien
98%
Europa Belgien
97%
Europa Dänemark
97%
Europa Italien
97%
Nordamerika Mexiko
97%
Europa Niederlande
97%
Europa Schweden
97%
Europa Schweiz
97%
Europa Tschechien
97%
Europa Norwegen
96%
Europa Vereinigtes Königreich
96%
Ozeanien Australien
95%
Europa Estland
95%
Europa Irland
95%
Nordamerika Kanada
95%
Europa Portugal
95%
Europa Ukraine
95%
Südamerika Brasilien
94%
Europa Finnland
94%
Europa Island
94%
Südamerika Argentinien
93%
Europa Kroatien
93%
Asien Japan
92%
Europa Lettland
92%
Europa Griechenland
91%
Europa Litauen
91%
Europa Slowakei
91%
Europa Slowenien
91%
Europa Ungarn
91%
Europa Belarus
90%
Europa Rumänien
90%
Asien Türkei
90%
Südamerika Chile
89%
Europa Luxemburg
88%
Ozeanien Neuseeland
88%
Europa Serbien
88%
Europa Bulgarien
87%
Südamerika Kolumbien
85%
Afrika Südafrika
82%
Asien Südkorea
81%
Keine übereinstimmenden Quizze gefunden
Verteilung der Resultate
Anzahl Personen mit jedem Resultat
Perzentil nach korrekt beantworteten Fragen
Ihre Resultats-Entwicklung
Sie haben dieses Quiz noch nicht gespielt